[Event "IND-ch Blitz"]
[Site "Nashik"]
[Date "2024.03.07"]
[Round "6"]
[White "Jinan, Jomon"]
[Black "Mitrabha, Guha"]
[Result "0-1"]
[WhiteElo "2233"]
[BlackElo "2534"]
[PlyCount "92"]
[EventDate "2024.03.07"]
[EventType "swiss (blitz)"]
[EventRounds "11"]
[EventCountry "IND"]
[SourceTitle "CB11_2024"]
[SourceDate "2024.03.13"]
[SourceVersion "1"]
[SourceVersionDate "2024.03.13"]
[SourceQuality "1"]

1. c4 c5 2. Nf3 g6 3. e3 Bg7 4. d4 Nf6 5. Nc3 0-0 6. d5 e6 7. Bd3 exd5 8. cxd5 d6 9. 0-0 Bg4 10. Be2 Bxf3 11. Bxf3 Nbd7 12. e4 a6 13. a4 Ne8 14. Be2 Nc7 15. Be3 Rb8 16. a5 Re8 17. f4 Bxc3 18. bxc3 Rxe4 19. Bc1 Qf6 20. Bf3 Qxc3 21. Bd2 Qd4+ 22. Kh1 Ree8 23. Qc2 Nb5 24. Ra4 Qf6 25. Bg4 Re7 26. f5 Ne5 27. Bh3 Nd4 28. Qd1 g5 29. g3 Rbe8 30. Bg2 h6 31. Bc3 Kg7 32. Bxd4 cxd4 33. Qxd4 Nd7 34. Qxf6+ Kxf6 35. Rb4 Nc5 36. Rb6 Rd7 37. Rc1 Kg7 38. Bf3 Re3 39. Kg2 Ra3 40. h4 gxh4 41. gxh4 Rxa5 42. f6+ Kxf6 43. Bg4 Rd8 44. Rb4 Ra4 45. Rxa4 Nxa4 46. Bh5 Nc5 0-1

[Event "Abu Dhabi op 29th"]
[Site "Abu Dhabi"]
[Date "2023.08.18"]
[Round "3"]
[White "Jinan, Jomon"]
[Black "Mustafayev, Farid Farman Oglu"]
[Result "0-1"]
[WhiteElo "2400"]
[BlackElo "2326"]
[PlyCount "98"]
[EventDate "2023.08.16"]
[EventType "swiss"]
[EventRounds "9"]
[EventCountry "UAE"]
[SourceTitle "EXT 2024"]
[Source "ChessBase"]
[SourceDate "2023.10.10"]
[SourceVersion "1"]
[SourceVersionDate "2023.10.10"]
[SourceQuality "1"]

1. c4 e5 2. Nc3 Nf6 3. Nf3 Nc6 4. e3 Bb4 5. Qc2 Bxc3 6. Qxc3 Qe7 7. d4 e4 8. Nd2 d5 9. a3 a5 10. b3 0-0 11. Bb2 Be6 12. Be2 Rfd8 13. Qc2 h5 14. h3 h4 15. 0-0-0 a4 16. b4 dxc4 17. Nxe4 Nxe4 18. Qxe4 Bd5 19. Qxe7 Nxe7 20. f3 f5 21. Rhe1 Re8 22. Bf1 c3 23. Bxc3 Bb3 24. Bd3 Bxd1 25. Kxd1 c6 26. Bc2 b5 27. Re2 Rad8 28. e4 fxe4 29. fxe4 Ng6 30. e5 Nxe5 31. Be4 Rd6 32. Kc1 Nf7 33. Bh7+ Kf8 34. Rxe8+ Kxe8 35. Bf5 Ng5 36. Bd3 Ne6 37. Be4 Kd7 38. d5 cxd5 39. Bd3 Kc6 40. Be5 Rd7 41. Kd2 Re7 42. Bf5 Nc5 43. Bb2 Ne4+ 44. Kd3 Nd6 45. Bg6 Nc4 46. Bd4 Ne5+ 47. Bxe5 Rxe5 48. Kd4 Rg5 49. Be8+ Kb6 0-1

[Event "Biel HTO 56th"]
[Site "Biel"]
[Date "2023.07.27"]
[Round "10"]
[White "Rosen, Eric S"]
[Black "Jinan, Jomon"]
[Result "1/2-1/2"]
[WhiteElo "2344"]
[BlackElo "2409"]
[PlyCount "120"]
[EventDate "2023.07.17"]
[EventType "swiss"]
[EventRounds "10"]
[EventCountry "SUI"]
[SourceTitle "CBM 215 Extra"]
[Source "ChessBase"]
[SourceDate "2023.09.30"]
[SourceVersion "1"]
[SourceVersionDate "2023.09.30"]
[SourceQuality "1"]

1. c4 e6 2. Nc3 d5 3. e3 Nf6 4. Nf3 b6 5. b3 Bb7 6. Bb2 a6 7. g3 c5 8. cxd5 exd5 9. Bg2 Bd6 10. 0-0 0-0 11. d4 Re8 12. Rc1 Nbd7 13. Nh4 cxd4 14. Qxd4 Be5 15. Qd3 Nc5 16. Qb1 Nfe4 17. Nf3 Bd6 18. Rfd1 Nxc3 19. Bxc3 Ne4 20. Bb2 Qe7 21. Nd4 Qg5 22. Qd3 Rac8 23. Nf3 Qh6 24. Rxc8 Rxc8 25. Nh4 Bf8 26. Nf5 Qe6 27. Nd4 Qf6 28. Rf1 b5 29. Bh3 Re8 30. Qc2 Qh6 31. Bd7 Ra8 32. Qc7 Nc5 33. Nf5 Qg5 34. Bxg7 Nxd7 35. Bxf8 Qxf5 36. Bh6 Rb8 37. Rc1 f6 38. Qd6 d4 39. Qe7 Qg6 40. Qxd7 Qxh6 41. Rc7 Bf3 42. Qe6+ Kh8 43. Rc8+ Rxc8 44. Qxc8+ Kg7 45. Qd7+ Kg6 46. Qe8+ Kg7 47. Qd7+ Kg8 48. Qe6+ Kf8 49. Qd6+ Ke8 50. Qe6+ Kf8 51. Qd6+ Ke8 52. Qe6+ Kd8 53. Qd6+ Kc8 54. Qxa6+ Bb7 55. Qe6+ Kb8 56. Qd6+ Kc8 57. Qc5+ Kb8 58. Qd6+ Kc8 59. Qc5+ Kb8 60. Qd6+ Kc8 1/2-1/2

[Event "Biel HTO 56th"]
[Site "Biel"]
[Date "2023.07.23"]
[Round "6"]
[White "Quesada Perez, Luis Ernesto"]
[Black "Jinan, Jomon"]
[Result "1/2-1/2"]
[WhiteElo "2553"]
[BlackElo "2409"]
[PlyCount "237"]
[EventDate "2023.07.17"]
[EventType "swiss"]
[EventRounds "10"]
[EventCountry "SUI"]
[SourceTitle "CBM 215 Extra"]
[Source "ChessBase"]
[SourceDate "2023.09.30"]
[SourceVersion "1"]
[SourceVersionDate "2023.09.30"]
[SourceQuality "1"]

1. d4 Nf6 2. c4 e6 3. Nf3 Bb4+ 4. Nbd2 b6 5. a3 Bxd2+ 6. Qxd2 Bb7 7. e3 0-0 8. b4 a5 9. Bb2 Ne4 10. Qc2 axb4 11. axb4 Rxa1+ 12. Bxa1 Qe7 13. c5 Bd5 14. Bd3 f5 15. Bc3 d6 16. 0-0 dxc5 17. dxc5 bxc5 18. bxc5 Qxc5 19. Bxe4 Bxe4 20. Qb2 Qe7 21. Ne5 Nd7 22. f3 Rb8 23. Qd2 Bd5 24. Nxd7 Qxd7 25. Bd4 h6 26. Rc1 Rb7 27. Qc3 Qf7 28. h3 c6 29. Ra1 Kh7 30. Qc2 Qg6 31. Kh2 Qe8 32. Be5 Bb3 33. Qc5 Bd5 34. Ra4 Qe7 35. Qxe7 Rxe7 36. e4 fxe4 37. fxe4 Bb3 38. Rb4 Bc2 39. Rc4 Bd3 40. Rd4 Bb5 41. Kg3 Kg6 42. Kf4 Rf7+ 43. Ke3 Ra7 44. Rd6 Kf7 45. h4 c5 46. Rd8 Kg6 47. g4 Ra3+ 48. Kf4 Ra7 49. h5+ Kf7 50. Rc8 g5+ 51. hxg6+ Kxg6 52. Rxc5 Be2 53. Rc6 Rf7+ 54. Kg3 Re7 55. Rc8 Bd3 56. Kf3 Rf7+ 57. Ke3 Bb5 58. Rg8+ Kh7 59. Rb8 Bc4 60. Rh8+ Kg6 61. Bf4 Kg7 62. Be5+ Kg6 63. Bf4 Kg7 64. Rc8 Bb3 65. Rc1 Kg6 66. Rh1 Rh7 67. Kd4 h5 68. Rh3 Bd1 69. gxh5+ Rxh5 70. Rg3+ Kf6 71. Bc7 Rb5 72. Rg1 Be2 73. Ke3 Bh5 74. Rf1+ Ke7 75. Kf4 Bg6 76. Rd1 Ke8 77. Rd4 Ke7 78. Bd8+ Kf7 79. Ra4 Ke8 80. Bf6 Kf7 81. Bh4 Rh5 82. Bg3 Rb5 83. Bf2 Bh5 84. Ra7+ Kg6 85. Bd4 Bd1 86. Rg7+ Kh6 87. Rg2 Kh7 88. Bg7 Bb3 89. Be5 Bc4 90. Rg7+ Kh6 91. Rc7 Bb3 92. Bd6 Rb8 93. Ke5 Kg6 94. Rc3 Rb5+ 95. Bc5 Rb7 96. Kd6 Ba2 97. Rg3+ Kh5 98. Bd4 Rf7 99. Bh8 Kh4 100. Rg1 Rf3 101. Bd4 Bb3 102. Ke5 Kh3 103. Rh1+ Kg2 104. Rb1 Bc4 105. Rc1 Bb3 106. Re1 Bc4 107. Rg1+ Kh3 108. Rg7 Bb3 109. Bb2 Rf2 110. Bc1 Rf1 111. Bf4 Rf3 112. Rg1 Bc4 113. Rh1+ Kg4 114. Rc1 Bb3 115. Rb1 Bc4 116. Bh2 Kh3 117. Rb2 Bb3 118. Kd4 Kg4 119. Bg1 1/2-1/2

[Event "Biel HTO 56th"]
[Site "Biel"]
[Date "2023.07.19"]
[Round "3"]
[White "Jinan, Jomon"]
[Black "Nguyen, Ngoc Truong Son"]
[Result "0-1"]
[WhiteElo "2409"]
[BlackElo "2645"]
[PlyCount "102"]
[EventDate "2023.07.17"]
[EventType "swiss"]
[EventRounds "10"]
[EventCountry "SUI"]
[SourceTitle "CBM 215 Extra"]
[Source "ChessBase"]
[SourceDate "2023.09.30"]
[SourceVersion "1"]
[SourceVersionDate "2023.09.30"]
[SourceQuality "1"]

1. c4 Nf6 2. Nf3 c6 3. Nc3 d5 4. e3 a6 5. b3 Bf5 6. Be2 Nbd7 7. d4 e6 8. 0-0 Bd6 9. Bb2 Ne4 10. Nxe4 Bxe4 11. Bd3 0-0 12. Bxe4 dxe4 13. Ne5 f5 14. Nxd7 Qxd7 15. f3 exf3 16. Qxf3 Rf7 17. e4 fxe4 18. Qxe4 Raf8 19. Qe2 Qc7 20. Qxe6 Bxh2+ 21. Kh1 Qd6 22. Qxd6 Bxd6 23. Rxf7 Rxf7 24. a4 Rf5 25. Bc3 Bg3 26. Rd1 Kf7 27. Bd2 g5 28. Be3 g4 29. Kg1 h5 30. Kh1 Ke6 31. Bg1 h4 32. Be3 Kd6 33. Bg1 Kd7 34. Be3 h3 35. gxh3 gxh3 36. Bg1 Rf3 37. Rb1 Rd3 38. b4 Rc3 39. c5 Ke6 40. b5 Kd5 41. bxc6 bxc6 42. a5 Ra3 43. Rd1 Bc7 44. Bh2 Bxa5 45. Be5 Bc3 46. Kh2 a5 47. Bg3 a4 48. Kxh3 Rb3 49. Rf1 a3 50. Rf5+ Kxd4 51. Rf4+ Kxc5 0-1

[Event "Teplice op"]
[Site "Teplice"]
[Date "2023.06.14"]
[Round "5"]
[White "Jinan, Jomon"]
[Black "Sprenar, Petr"]
[Result "1/2-1/2"]
[WhiteElo "2428"]
[BlackElo "2330"]
[PlyCount "180"]
[EventDate "2023.06.10"]
[EventType "swiss"]
[EventRounds "9"]
[EventCountry "CZE"]
[SourceTitle "CBM 214 Extra"]
[Source "ChessBase"]
[SourceDate "2023.07.31"]
[SourceVersion "1"]
[SourceVersionDate "2023.07.31"]
[SourceQuality "1"]

1. c4 e6 2. Nf3 Nf6 3. Nc3 d5 4. e3 c5 5. cxd5 exd5 6. d4 Nc6 7. Be2 cxd4 8. Nxd4 Bc5 9. Nxc6 bxc6 10. 0-0 0-0 11. b3 Qe7 12. Bb2 Bb7 13. Na4 Bd6 14. Qd4 c5 15. Qh4 Nd7 16. Qxe7 Bxe7 17. Ba3 Bc6 18. Nxc5 Nxc5 19. Rfc1 Nxb3 20. axb3 Bxa3 21. Rxa3 Rfc8 22. b4 Bb7 23. Rxc8+ Bxc8 24. b5 Kf8 25. h4 Ke7 26. Kh2 Kd6 27. g4 h6 28. Kg3 Bb7 29. g5 hxg5 30. hxg5 Bc8 31. Kf4 g6 32. Ra1 Bb7 33. Ra5 Bc8 34. Bf3 Bb7 35. Bg2 a6 36. Kg3 axb5 37. Rxb5 Bc6 38. Rb6 Ra1 39. Rb2 Ra3 40. Rd2 Ke5 41. Rb2 Kd6 42. Rb4 Ra4 43. Rd4 Rxd4 44. exd4 Bb5 45. Kf4 Bd7 46. Ke3 Bc6 47. Bh3 Bd7 48. Bf1 Bc6 49. Bd3 Bd7 50. Kd2 Bc6 51. Kc3 Bd7 52. Kb4 Bg4 53. Kb5 Bh3 54. Kb6 Bg4 55. Kb7 Bd7 56. Kb6 Bg4 57. Bb5 Bh3 58. Be8 Ke7 59. Bb5 Kd6 60. Kb7 Bg4 61. Kb6 Bh3 62. Be8 Ke7 63. Bc6 Kd6 64. Bb7 Be6 65. Ka7 Kc7 66. f4 Kd6 67. Kb8 Bf5 68. Bc8 Bd3 69. Bg4 Ba6 70. Ka7 Bd3 71. Kb7 Bb5 72. Kc8 Bc6 73. Kd8 Bb5 74. Bd1 Bc6 75. Bg4 Bb5 76. f5 gxf5 77. Bxf5 Ba4 78. Bh7 Ke6 79. Kc7 Bd1 80. Kc6 Bf3 81. Kc5 Be2 82. Kb4 Bf3 83. Kc5 Be2 84. Bg8 Bd3 85. Bxf7+ Kxf7 86. Kxd5 Kg6 87. Ke5 Kxg5 88. d5 Bb5 89. d6 Kh6 90. d7 Bxd7 1/2-1/2

[Event "Budapest FS05 GM"]
[Site "Budapest"]
[Date "2023.05.15"]
[Round "8"]
[White "Jinan, Jomon"]
[Black "Neverov, Valeriy"]
[Result "1/2-1/2"]
[WhiteElo "2432"]
[BlackElo "2427"]
[PlyCount "110"]
[EventDate "2023.05.06"]
[EventType "tourn"]
[EventRounds "9"]
[EventCountry "HUN"]
[SourceTitle "CBM 214 Extra"]
[Source "ChessBase"]
[SourceDate "2023.07.31"]
[SourceVersion "1"]
[SourceVersionDate "2023.07.31"]
[SourceQuality "1"]

1. c4 f5 2. Nf3 Nf6 3. g3 d6 4. d4 g6 5. Bg2 Bg7 6. Nc3 0-0 7. 0-0 Qe8 8. b3 c6 9. Re1 Na6 10. Ba3 Ne4 11. Qc2 Nxc3 12. Qxc3 f4 13. e4 fxg3 14. hxg3 Bg4 15. Nh2 Be6 16. e5 dxe5 17. d5 e4 18. Qe3 cxd5 19. cxd5 Bxd5 20. Rad1 Nc7 21. Bxe4 Rd8 22. Bxd5+ Nxd5 23. Qe6+ Qf7 24. Bxe7 Nxe7 25. Rxd8 Rxd8 26. Qxe7 Rd2 27. Qe8+ Qxe8 28. Rxe8+ Kf7 29. Rb8 Bd4 30. Rxb7+ Ke6 31. Ng4 h5 32. Ne3 Rxa2 33. Rb4 Ke5 34. Rc4 Bb6 35. Nc2 Rb2 36. Rc3 g5 37. Kf1 g4 38. Ke2 Ke4 39. Rc4+ Kd5 40. Rc3 Bd4 41. Rc4 Be5 42. Kd1 Rxb3 43. Ra4 Rb7 44. Ne3+ Kc5 45. Ra5+ Kd4 46. Kd2 Rb2+ 47. Nc2+ Ke4 48. Rxa7 Kf3 49. Rf7+ Kg2 50. Rf5 Bd4 51. Kc1 Rxc2+ 52. Kxc2 Bxf2 53. Rxh5 Bxg3 54. Rg5 Kf3 55. Rxg4 Kxg4 1/2-1/2

[Event "Budapest FS05 GM"]
[Site "Budapest"]
[Date "2023.05.10"]
[Round "5"]
[White "Aczel, Gergely"]
[Black "Jinan, Jomon"]
[Result "1-0"]
[WhiteElo "2528"]
[BlackElo "2432"]
[PlyCount "73"]
[EventDate "2023.05.06"]
[EventType "tourn"]
[EventRounds "9"]
[EventCountry "HUN"]
[SourceTitle "CBM 214 Extra"]
[Source "ChessBase"]
[SourceDate "2023.07.31"]
[SourceVersion "1"]
[SourceVersionDate "2023.07.31"]
[SourceQuality "1"]

1. d4 Nf6 2. c4 e6 3. Nc3 Bb4 4. e3 0-0 5. Bd3 d5 6. Nge2 dxc4 7. Bxc4 c5 8. a3 Bxc3+ 9. Nxc3 cxd4 10. exd4 Nc6 11. Be3 b6 12. 0-0 Bb7 13. Ba2 Ne7 14. Bg5 Qd7 15. Bxf6 gxf6 16. Qg4+ Kh8 17. Qh4 Kg7 18. Rad1 Rad8 19. d5 exd5 20. Rd3 Ng6 21. Qh5 d4 22. Rh3 Rh8 23. Ne2 h6 24. Rd1 Qe7 25. f4 Qc5 26. Ng3 f5 27. Nxf5+ Kf6 28. Nxh6 Qxh5 29. Rxh5 Bc8 30. g4 Rh7 31. Bb1 Rdh8 32. g5+ Kg7 33. f5 Ne5 34. f6+ Kf8 35. Bxh7 Rxh7 36. Kf2 Ng4+ 37. Kg3 1-0

[Event "Budapest FS05 GM"]
[Site "Budapest"]
[Date "2023.05.09"]
[Round "4"]
[White "Jinan, Jomon"]
[Black "Varga, Zoltan"]
[Result "1-0"]
[WhiteElo "2432"]
[BlackElo "2394"]
[PlyCount "93"]
[EventDate "2023.05.06"]
[EventType "tourn"]
[EventRounds "9"]
[EventCountry "HUN"]
[SourceTitle "CBM 214 Extra"]
[Source "ChessBase"]
[SourceDate "2023.07.31"]
[SourceVersion "1"]
[SourceVersionDate "2023.07.31"]
[SourceQuality "1"]

1. c4 e5 2. Nc3 Nf6 3. Nf3 Nc6 4. e3 Bb4 5. Qc2 0-0 6. Nd5 h6 7. Qf5 d6 8. Nxf6+ Qxf6 9. Qxf6 gxf6 10. a3 Bc5 11. b4 Bb6 12. Bb2 Re8 13. Be2 a5 14. b5 Nd8 15. d4 Ne6 16. c5 dxc5 17. dxe5 f5 18. Nd2 f4 19. 0-0-0 fxe3 20. fxe3 c4 21. Nxc4 Nc5 22. Nxb6 cxb6 23. Bc4 Be6 24. Bxe6 Rxe6 25. Kb1 a4 26. Rhf1 Ra5 27. Rd8+ Kg7 28. Rf4 Rxb5 29. Rg4+ Kh7 30. Rf4 Re7 31. e6 Nxe6 32. Rh8+ Kg6 33. Rf6+ Kg7 34. Rfxh6+ Nd4 35. Rh3 Rxb2+ 36. Kxb2 Nf5 37. Rc8 Nxe3 38. Rg3+ Kf6 39. Rf3+ Kg7 40. Rc1 b5 41. Rg3+ Kf6 42. Rf3+ Kg7 43. Rg3+ Kf6 44. Kb1 Nf5 45. Rf1 Re5 46. Rg8 Ke6 47. Rg5 1-0

[Event "Budapest FS05 GM"]
[Site "Budapest"]
[Date "2023.05.06"]
[Round "1"]
[White "Palczert, Matyas"]
[Black "Jinan, Jomon"]
[Result "0-1"]
[WhiteElo "2340"]
[BlackElo "2432"]
[PlyCount "62"]
[EventDate "2023.05.06"]
[EventType "tourn"]
[EventRounds "9"]
[EventCountry "HUN"]
[SourceTitle "CBM 214 Extra"]
[Source "ChessBase"]
[SourceDate "2023.07.31"]
[SourceVersion "1"]
[SourceVersionDate "2023.07.31"]
[SourceQuality "1"]

1. e4 e5 2. Nf3 Nc6 3. Bc4 Bc5 4. c3 Nf6 5. d3 d6 6. 0-0 0-0 7. Re1 a5 8. h3 Ba7 9. Bb3 Ne7 10. d4 Ng6 11. Nbd2 Re8 12. Bc2 Be6 13. Nf1 Nh5 14. Ng5 Nhf4 15. Nxe6 fxe6 16. Kh2 Qh4 17. Be3 exd4 18. cxd4 e5 19. d5 Nxg2 20. Kxg2 Nf4+ 21. Kg1 Nxh3+ 22. Kg2 Rf8 23. Re2 Bxe3 24. Nxe3 Nxf2 25. Nf5 Rxf5 26. exf5 Nxd1 27. Rxd1 Qg4+ 28. Kf2 Qf4+ 29. Kg2 Rf8 30. Be4 g6 31. fxg6 Qg4+ 0-1

[Event "Menorca op 2nd"]
[Site "Ciutadella de Menorca"]
[Date "2023.04.12"]
[Round "2"]
[White "Jumabayev, Rinat"]
[Black "Jinan, Jomon"]
[Result "1/2-1/2"]
[WhiteElo "2609"]
[BlackElo "2421"]
[PlyCount "168"]
[EventDate "2023.04.11"]
[EventType "swiss"]
[EventRounds "9"]
[EventCountry "ESP"]
[SourceTitle "CBM 213 Extra"]
[Source "ChessBase"]
[SourceDate "2023.05.31"]
[SourceVersion "1"]
[SourceVersionDate "2023.05.31"]
[SourceQuality "1"]

1. d4 d5 2. c4 e6 3. Nf3 Nf6 4. Nc3 Be7 5. g3 dxc4 6. Bg2 0-0 7. Ne5 Nc6 8. Bxc6 bxc6 9. Nxc6 Qe8 10. Nxe7+ Qxe7 11. Qa4 Bb7 12. f3 e5 13. dxe5 Ng4 14. Bf4 Qc5 15. Rf1 Nxe5 16. 0-0-0 Bc6 17. Qa3 Qxa3 18. bxa3 Ng6 19. Bxc7 Rac8 20. Bd6 Rfd8 21. Rd4 Nf8 22. Bc5 Rxd4 23. Bxd4 a6 24. Kc2 Rb8 25. Bf2 Ne6 26. Rd1 Kf8 27. Rd6 Rc8 28. g4 Ke7 29. Rd1 Nc7 30. a4 Rd8 31. Bc5+ Ke8 32. Rb1 Nd5 33. a5 Nxc3 34. Kxc3 Bb5 35. Bd4 f6 36. Rb4 Rc8 37. h4 Kd7 38. a4 Bc6 39. Rb6 Ra8 40. Kxc4 Rc8 41. Bc5 Ra8 42. Kb3 Kc7 43. Rb4 Re8 44. e4 h5 45. Bb6+ Kc8 46. gxh5 Rh8 47. Rc4 Kb7 48. Rc5 Rg8 49. h6 gxh6 50. Rf5 Rf8 51. Be3 Bd7 52. Rh5 f5 53. e5 f4 54. Bc5 Rh8 55. Kc4 Kc6 56. Kd4 Be6 57. Bd6 Kd7 58. Ba3 Rc8 59. Rxh6 Rc4+ 60. Kd3 Rxa4 61. Bc1 Rxa5 62. Bxf4 Bd5 63. Rd6+ Ke8 64. Bg5 Bxf3 65. Ke3 Bb7 66. e6 Rd5 67. Rb6 Rb5 68. Rd6 Rd5 69. Rb6 Rb5 70. Rxb5 axb5 71. Kd4 Bf3 72. Bd2 Kf8 73. Ke5 Kg7 74. Kd6 Bh5 75. Bc3+ Kh7 76. Ke5 Kg7 77. Kf5+ Kh6 78. Bd2+ Kh7 79. Kg5 Be8 80. Bb4 Bg6 81. Bd2 Be8 82. Kf6 Bh5 83. Bc3 Kh6 84. Ke7 Bg6 1/2-1/2

[Event "Budapest Vezerkepzo IM 11"]
[Site "Budapest"]
[Date "2022.11.24"]
[Round "7"]
[White "Jinan, Jomon"]
[Black "Asylov, Miras"]
[Result "1-0"]
[WhiteElo "2056"]
[BlackElo "2025"]
[PlyCount "77"]
[EventDate "2022.11.17"]
[EventType "tourn"]
[EventRounds "9"]
[EventCountry "HUN"]
[SourceTitle "CBM 211 Extra"]
[Source "ChessBase"]
[SourceDate "2023.01.31"]
[SourceVersion "1"]
[SourceVersionDate "2023.01.31"]
[SourceQuality "1"]

1. e4 c5 2. Nf3 d6 3. Bb5+ Bd7 4. Bxd7+ Qxd7 5. c4 Nc6 6. d4 cxd4 7. Nxd4 Nf6 8. Nc3 g6 9. f3 Bg7 10. Be3 0-0 11. 0-0 a6 12. b3 Nxd4 13. Bxd4 b5 14. cxb5 axb5 15. a4 bxa4 16. bxa4 Rfc8 17. Qd3 Qc6 18. Rfc1 Qc4 19. Qd1 Bh6 20. Rc2 Nd7 21. Raa2 Qc7 22. Nd5 Qd8 23. a5 Rxc2 24. Qxc2 e6 25. Nb6 Rb8 26. Nxd7 Qxd7 27. a6 Bg7 28. Be3 d5 29. a7 Ra8 30. Qb3 Qd8 31. Qb7 d4 32. Bg5 Qe8 33. Rb2 Be5 34. Bf6 Bd6 35. Bxd4 e5 36. Be3 Kg7 37. Qd5 Bf8 38. Qxa8 Qxa8 39. Rb8 1-0

[Event "Budapest Vezerkepzo IM 11"]
[Site "Budapest"]
[Date "2022.11.17"]
[Round "1"]
[White "Jinan, Jomon"]
[Black "Pacher, Milan"]
[Result "1/2-1/2"]
[WhiteElo "2056"]
[BlackElo "2460"]
[PlyCount "111"]
[EventDate "2022.11.17"]
[EventType "tourn"]
[EventRounds "9"]
[EventCountry "HUN"]
[SourceTitle "CBM 211 Extra"]
[Source "ChessBase"]
[SourceDate "2023.01.31"]
[SourceVersion "1"]
[SourceVersionDate "2023.01.31"]
[SourceQuality "1"]

1. e4 c5 2. Nf3 d6 3. Bb5+ Bd7 4. Bxd7+ Qxd7 5. c4 e5 6. Nc3 Nc6 7. 0-0 g6 8. a3 Nge7 9. Rb1 Bg7 10. b4 0-0 11. d3 h6 12. Nd5 f5 13. bxc5 dxc5 14. Re1 f4 15. Bb2 g5 16. h3 Ng6 17. Nh2 Nh4 18. Qg4 Qf7 19. Nf3 Nxf3+ 20. gxf3 Bf6 21. Kh2 Bd8 22. h4 h5 23. Qh3 gxh4 24. Rg1+ Kh7 25. Rg2 Rg8 26. Rxg8 Kxg8 27. Rg1+ Kf8 28. Qf5 a5 29. Bxe5 Qxf5 30. Bg7+ Kf7 31. exf5 Ne7 32. Nxe7 Bxe7 33. Be5 Bf6 34. Bxf4 Rd8 35. Rb1 Rxd3 36. Rxb7+ Ke8 37. Rb5 Rxa3 38. Rxc5 Bd4 39. Rc8+ Kf7 40. Be3 Bxe3 41. fxe3 Rxe3 42. Ra8 Re5 43. Kh3 Rxf5 44. Kxh4 Ke6 45. Kg3 Kd6 46. Kf2 Kc6 47. Ke3 Kb7 48. Rd8 a4 49. Rd3 Kb6 50. Kd4 h4 51. Kc3 Kc5 52. f4 Rxf4 53. Rd5+ Kc6 54. Kb4 a3 55. Kxa3 Rxc4 56. Rh5 1/2-1/2

[Event "Bayern-chI Bank Hofmann 25th"]
[Site "Tegernsee"]
[Date "2022.11.05"]
[Round "1"]
[White "Jinan, Jomon"]
[Black "Koepke, Christian"]
[Result "1-0"]
[WhiteElo "2056"]
[BlackElo "2301"]
[PlyCount "137"]
[EventDate "2022.11.05"]
[EventType "swiss"]
[EventRounds "9"]
[EventCountry "GER"]
[SourceTitle "CBM 211 Extra"]
[Source "ChessBase"]
[SourceDate "2023.01.31"]
[SourceVersion "1"]
[SourceVersionDate "2023.01.31"]
[SourceQuality "1"]

1. e4 c6 2. d4 d5 3. exd5 cxd5 4. Bd3 Nf6 5. c3 Qc7 6. h3 g6 7. Nf3 Nc6 8. 0-0 Bf5 9. Re1 Bxd3 10. Qxd3 e6 11. Ne5 Nxe5 12. dxe5 Nd7 13. Bf4 Bg7 14. Qe2 0-0 15. Nd2 Rab8 16. a4 a6 17. c4 Nb6 18. Rec1 dxc4 19. Nxc4 Nxc4 20. Rxc4 Qb6 21. Be3 Qa5 22. Bc5 Rfc8 23. Bd6 Rxc4 24. Qxc4 Re8 25. b4 Qd8 26. Rc1 h5 27. Qf4 Bf8 28. Rc7 Re7 29. Rc4 Rd7 30. Rd4 b5 31. axb5 axb5 32. h4 Be7 33. Kh2 Bf8 34. g3 Bg7 35. Qc1 Qa8 36. Qc5 Qb7 37. Rd3 Rd8 38. Rc3 Kh7 39. Qc7 Rd7 40. Qxb7 Rxb7 41. Rc8 f6 42. f4 fxe5 43. fxe5 g5 44. Re8 Kg6 45. hxg5 Kf7 46. Ra8 Kg6 47. Kh3 Kxg5 48. Rg8 Kf5 49. Kh4 Ke4 50. Re8 Kd5 51. Kxh5 Bxe5 52. Bxe5 Kxe5 53. g4 Kd5 54. Rc8 e5 55. g5 e4 56. Re8 Kd4 57. g6 e3 58. Kg4 Kc3 59. Re4 e2 60. Kf5 Rg7 61. Kf6 Rg8 62. Kf7 Rxg6 63. Kxg6 e1Q 64. Rxe1 Kxb4 65. Kf5 Kc3 66. Ke4 b4 67. Ke3 Kc2 68. Kd4 b3 69. Re2+ 1-0

[Event "Raipur Chhattisgarh"]
[Site "Raipur"]
[Date "2022.09.22"]
[Round "4"]
[White "Jinan, Jomon"]
[Black "Chitlange, Sakshi"]
[Result "0-1"]
[WhiteElo "2036"]
[BlackElo "2252"]
[PlyCount "220"]
[EventDate "2022.09.19"]
[EventType "swiss"]
[EventRounds "10"]
[EventCountry "IND"]
[SourceTitle "CBM 210 Extra"]
[Source "ChessBase"]
[SourceDate "2022.11.30"]
[SourceVersion "1"]
[SourceVersionDate "2022.11.30"]
[SourceQuality "1"]

1. e4 d5 2. exd5 Qxd5 3. Nc3 Qd6 4. Nf3 Nf6 5. h3 c6 6. d4 Bf5 7. Bc4 e6 8. 0-0 Nbd7 9. Qe2 Be7 10. Rd1 0-0 11. Ne5 Nd5 12. Ne4 Qc7 13. Nxd7 Qxd7 14. Bb3 Nf6 15. Nxf6+ Bxf6 16. Be3 Bd8 17. c4 Bc7 18. d5 exd5 19. cxd5 Qd6 20. f4 Rae8 21. dxc6 Qf6 22. Rac1 Bxf4 23. Rc3 Be5 24. Rc5 Bf4 25. Rc3 Qe5 26. Re1 bxc6 27. Qf3 Bh2+ 28. Kh1 Be4 29. Qf1 Bg3 30. Rd1 Qh5 31. Kg1 Re5 32. Bf4 Bxf4 33. Qxf4 Bd5 34. Rd2 Rfe8 35. Bxd5 cxd5 36. Rc7 a6 37. Rf2 f5 38. Ra7 Qg6 39. Kh2 Qb6 40. Rd7 Qc6 41. Ra7 h6 42. Qg3 Qf6 43. Rf3 R5e7 44. Rxe7 Rxe7 45. Qf2 Qe5+ 46. Kh1 Rc7 47. Qg3 Rc1+ 48. Kh2 Qxb2 49. Qd6 Qd4 50. Qe6+ Kh8 51. Qxf5 Qc5 52. Qe6 Qc7+ 53. Rg3 Rc6 54. Qf5 Qd6 55. Qd3 Qe5 56. Kg1 Rc1+ 57. Kh2 a5 58. h4 Rc4 59. Kg1 Qe1+ 60. Kh2 Rxh4+ 61. Rh3 Qe5+ 62. Kg1 Rd4 63. Qf3 Rf4 64. Qd3 d4 65. Qa6 Kh7 66. Qd3+ Kh8 67. Qa6 Re4 68. Qc8+ Kh7 69. Qc2 Qf5 70. Kh2 Qf4+ 71. Kg1 Qf5 72. Kh2 Kh8 73. Qc7 Qe5+ 74. Qxe5 Rxe5 75. Rd3 Rd5 76. Kg3 Kg8 77. Kf2 Kf7 78. Ke2 Kf6 79. Rf3+ Rf5 80. Ra3 Rc5 81. Kd2 Kf5 82. Rg3 Kf6 83. Rg4 Rg5 84. Rf4+ Rf5 85. Rxd4 Rf2+ 86. Ke3 Rxg2 87. a4 Rg3+ 88. Kf2 Ra3 89. Rd6+ Kf7 90. Rd4 g5 91. Kg2 Kg6 92. Rc4 Kh5 93. Rd4 Ra2+ 94. Kg3 Ra3+ 95. Kg2 g4 96. Rd5+ Kh4 97. Rxa5 Ra2+ 98. Kf1 h5 99. Rb5 Rxa4 100. Rb3 Ra1+ 101. Kg2 Ra2+ 102. Kf1 g3 103. Rb5 Kg4 104. Kg1 h4 105. Rb1 Ra4 106. Rc1 h3 107. Kf1 h2 108. Kg2 Ra2+ 109. Kh1 Kh3 110. Rc2 Ra1+ 0-1

[Event "Madurai Athens of the East op 2nd"]
[Site "Madurai"]
[Date "2022.07.01"]
[Round "5"]
[White "Savchenko, Boris"]
[Black "Jinan, Jomon"]
[Result "1-0"]
[WhiteElo "2524"]
[BlackElo "2043"]
[PlyCount "67"]
[EventDate "2022.06.28"]
[EventType "swiss"]
[EventRounds "10"]
[EventCountry "IND"]
[SourceTitle "EXT 2023"]
[Source "ChessBase"]
[SourceDate "2022.10.05"]
[SourceVersion "1"]
[SourceVersionDate "2022.10.05"]
[SourceQuality "1"]

1. Nf3 d5 2. g3 Nf6 3. Bg2 c5 4. 0-0 Nc6 5. d4 e6 6. c4 dxc4 7. Qa4 Bd7 8. Qxc4 b5 9. Qd3 c4 10. Qc2 Rc8 11. Nc3 Be7 12. Bg5 Qb6 13. Rfd1 0-0 14. e4 h6 15. Bc1 b4 16. Nb1 b3 17. axb3 Nb4 18. Qe2 cxb3 19. Nc3 Nc2 20. Ra6 Qb7 21. Ne5 Be8 22. Bf1 Nb4 23. Ra5 Qb6 24. Ra1 Nd7 25. Nc4 Qb8 26. Bf4 Qa8 27. Bd6 Bxd6 28. Nxd6 Rd8 29. Ncb5 Qb8 30. Rxa7 e5 31. Rb7 Qa8 32. Nc7 Qa5 33. Ncxe8 Nc2 34. Qg4 1-0